000 005220000a22001810004500
020 _a84-7827-112-0
041 0 _aSPA
082 0 4 _aG 371.332 G215c
100 1 _aGarcía del Toro, Antonio
245 1 0 _aComunicación y expresión oral y escrita : La dramatización como recurso / Antonio Gracía del Toro
260 _aBarcelona, España : GRAO
300 _a95 Pag
001 10040
942 _cBK
999 _c39798
_d39798
336 _atexto
_btxt
_2rdacontent
337 _2rdamedia
_asin mediación
_bn
338 _2rdacarrier
_avolumen
_bnc